000 00722nam a22001695i 4500
001 155332
003 ES-MaACL
005 20230906210033.0
008 970226s1881 sp |||| | spa d
040 _aCLM
_bspa
_cCCPB | SIC
100 1 _aHernández Poggio, Ramón.
_9127903
245 1 0 _aDiscurso inaugural leido en 31 de Enero de 1881 en la apertura de las sesiones de la Academia del Cuerpo de Sanidad Militar de Aragon /
_cpor Ramon Hernandez Poggio.
260 _aZaragoza :
_b[s.n.],
_c1881 (
_fImprenta del Hospicio Provincial)
300 _a27 p. ;
_c23 cm.
710 2 _aAcademia del Cuerpo de Sanidad Militar de Aragón.
_9134089
852 _aES-MaACL
_jT-377-F-16
_z-- Enc. hol.
_z-- Enc. en un vol. facticio
999 _c155332
_d155332